Návrh procesu tvorby učiacej sa organizácie v Duslo, a.s. Šaľa : Diplomová práca

Gespeichert in:
Bibliographische Detailangaben
1. Verfasser: Hamarová, Eva (Verfasst von)
Weitere Verfasser: Baláž, Peter (xxx)
Format: Manuskript Buch
Sprache:Slowakisch
Veröffentlicht: Trnava : STU v Bratislave MtF KPIM, 2006
Schlagworte:
Tags: Tag hinzufügen
Keine Tags, Fügen Sie das erste Tag hinzu!

MARC

LEADER 00000ntm a22000003a 4500
001 stu132339
005 20160719155601.3
008 061215s2006----xo------------------slo-d
040 |a STU  |b slo 
041 0 |a slo 
044 |a xo 
100 1 |a Hamarová, Eva  |4 aut 
245 1 |a Návrh procesu tvorby učiacej sa organizácie v Duslo, a.s. Šaľa :  |b Diplomová práca 
260 |a Trnava :  |b STU v Bratislave MtF KPIM,  |c 2006 
300 |a 86 s  |c príl., 1 CD-ROM 
650 7 |a priemyselné inžinierstvo a manažment  |2 stusub 
650 7 |a vzdelávanie podnikové  |2 stusub 
650 7 |a vzdelávanie pracovníkov  |2 stusub 
700 1 |a Baláž, Peter  |4 xxx 
996 |b 284M075401  |c M*DP-6459  |l MMSKP  |s P  |a 0  |w stu132339_0001